000 00419nam a2200169Ia 4500
008 230711s9999||||xx |||||||||||||| ||und||
020 _a978-93-80803-30-2
041 _aENG
082 _a530.43
_bKU-A
100 _aKumar,Raj
245 0 _aAtomic and Molecular Spectra : Laser
250 _a5th Ed.
260 _c2017
_aMeerut
_bKedar Nath Ram Nath Publication
300 _a555p.
650 _aPhysics
942 _cBK
999 _c6782
_d6782